000 00535nam a22001937a 4500
005 20170926142329.0
010 _aENG-120728
020 _a9788184304060
_c450.00
035 _aEN-104260
037 _bDBAD/PUB
082 _a920
100 _aAnil Kumar
245 _aBharat Ratnas /
_bby Anil Kumar [and] Manish Kumar
260 _aNew Delhi
_bOcean Books
_c2016
270 _a4/19,Asaf Ali Road
_bDelhi
_e110002
300 _a302p.:
_c23cm(Hb)
_bill.
700 _aManish Kumar
942 _2ddc
_cEN
_h920
_mANI
999 _c145547
_d145547